[Event "FRA-chT"]
[Site "FRA"]
[Date "1998.02.06"]
[Round "1"]
[White "Letreguilly, Olivier"]
[Black "Lopez, Jorge"]
[Result "1/2-1/2"]
[WhiteElo "2240"]
[BlackElo "2195"]
[PlyCount "132"]
[EventDate "1998.02.06"]
[Source "ChesBase"]
[SourceDate "1998.07.07"]

1. d4 Nf6 2. c4 e6 3. Nc3 Bb4 4. e3 c5 5. Bd3 O-O 6. Nge2 d5 7. O-O dxc4 8.
Bxc4 cxd4 9. exd4 Nc6 10. Be3 Be7 11. a3 b6 12. Qd3 Bb7 13. Rfd1 Bd6 14. h3 h6
15. Rac1 Ne7 16. Ba2 Ned5 17. Bb1 Qd7 18. Ne4 Nxe4 19. Qxe4 f5 20. Qd3 Qf7 21.
Nc3 Qg6 22. Nxd5 Bxd5 23. Qf1 Qh5 24. Bd2 Rf6 25. Rc3 Rg6 26. g3 Rg4 27. Be1
Rxg3+ 28. fxg3 Qxd1 29. Bf2 Qxf1+ 30. Kxf1 g5 31. Bd3 Kf7 32. Ba6 Ke7 33. Ke2
Rb8 34. Kf1 b5 35. b3 Rb6 36. Bc8 Kd8 37. Bxe6 Bxe6 38. d5 Ra6 39. dxe6 Rxa3
40. Rd3 Ke7 41. g4 fxg4 42. hxg4 Kxe6 43. Re3+ Kf7 44. Rf3+ Kg8 45. Rf6 Ra1+
46. Ke2 Bf8 47. Bd4 Rb1 48. Rg6+ Kf7 49. Rf6+ Ke8 50. Re6+ Kd7 51. Rf6 Be7 52.
Rxh6 Rxb3 53. Bxa7 Rg3 54. Be3 Rxg4 55. Rg6 Rc4 56. Kf3 Bd8 57. Bxg5 Bxg5 58.
Rxg5 Kc6 59. Ke3 Kb6 60. Kd3 Ka5 61. Rg1 Kb6 62. Rg5 Rc1 63. Kd2 Rc6 64. Rg1
Rc5 65. Rc1 Rh5 66. Kc3 Rh3+ 1/2-1/2

[Event "FRA-chT"]
[Site "FRA"]
[Date "1998.02.06"]
[Round "1"]
[White "Marcelin, Cyril"]
[Black "Szabolcsi, Janos"]
[Result "1/2-1/2"]
[WhiteElo "2375"]
[BlackElo "2390"]
[PlyCount "141"]
[EventDate "1998.02.06"]
[Source "ChesBase"]
[SourceDate "1998.07.07"]

1. e4 c6 2. d4 d5 3. exd5 cxd5 4. c4 Nf6 5. Nc3 g6 6. Qb3 Bg7 7. cxd5 O-O 8.
Be2 Nbd7 9. Bf3 Nb6 10. Bg5 Bf5 11. Rd1 a5 12. Nge2 a4 13. Qb5 h6 14. Bxf6 Bxf6
15. O-O a3 16. bxa3 Rxa3 17. Qb4 Qd6 18. Qxd6 exd6 19. Nb5 Rxa2 20. Nxd6 Bc2
21. Ra1 Rfa8 22. Rxa2 Rxa2 23. Nxb7 Rb2 24. Nc5 Nc4 25. Re1 Nd6 26. g3 Nb5 27.
Kg2 h5 28. Nd7 Be7 29. Nc3 Bd6 30. Nxb5 Rxb5 31. Nf6+ Kf8 32. h3 Rb4 33. g4
hxg4 34. hxg4 Bf4 35. g5 Kg7 36. Ne8+ Kf8 37. Nf6 Kg7 38. Be4 Ba4 39. d6 Bxg5
40. Nd5 Rxd4 41. Bf3 Bc6 42. Ne3 Rxd6 43. Bxc6 Rxc6 44. Nf1 Rc2 45. Ng3 f5 46.
Re2 Rc3 47. Ra2 Bd8 48. Ne2 Rc4 49. Kf3 Bc7 50. Ra3 Be5 51. Ra2 Kf6 52. Kg2 Kg5
53. Kf3 Rb4 54. Kg2 Bc7 55. Rc2 Bb6 56. Rd2 Kg4 57. Rc2 g5 58. f3+ Kh5 59. Ng3+
Kg6 60. Rc6+ Kf7 61. Nxf5 Bd8 62. Ne3 Rb6 63. Rc8 Rd6 64. Kg3 Kg6 65. Ng4 Be7
66. Nf2 Rd8 67. Rc6+ Rd6 68. Rc2 Kf5 69. Ne4 Rh6 70. Rd2 Bf6 71. Nxf6 1/2-1/2

[Event "FRA-chT"]
[Site "FRA"]
[Date "1998.02.06"]
[Round "1"]
[White "Marchand, Francois"]
[Black "Vaisman, Volodia"]
[Result "0-1"]
[WhiteElo "2305"]
[BlackElo "2385"]
[PlyCount "70"]
[EventDate "1998.02.06"]
[Source "ChesBase"]
[SourceDate "1998.07.07"]

1. d4 Nf6 2. c4 c5 3. d5 e5 4. Nc3 d6 5. e4 Be7 6. Nf3 Nbd7 7. Be2 O-O 8. O-O
Ne8 9. a3 b6 10. b4 g6 11. Ne1 Bg5 12. Bb2 f5 13. Nd3 Ng7 14. g3 a6 15. Bf3 Nf6
16. Bg2 fxe4 17. Nxe4 Nxe4 18. Bxe4 Bh3 19. Re1 Nf5 20. Bxf5 Bxf5 21. f4 exf4
22. Nxf4 Bxf4 23. gxf4 Qh4 24. Qf3 Bh3 25. Re2 Rxf4 26. Qc3 Rd4 27. Qe3 Rxc4
28. Rf2 Bf5 29. Re1 Rg4+ 30. Kf1 Re4 31. Qd2 Rae8 32. Rxe4 Rxe4 33. Rf3 Bh3+
34. Rxh3 Qxh3+ 35. Kf2 Qxh2+ 0-1

[Event "FRA-chT"]
[Site "FRA"]
[Date "1998.02.06"]
[Round "1"]
[White "Marciano, David"]
[Black "Bauer, Christian"]
[Result "1/2-1/2"]
[WhiteElo "2485"]
[BlackElo "2520"]
[PlyCount "37"]
[EventDate "1998.02.06"]
[Source "ChesBase"]
[SourceDate "1998.07.07"]

1. e4 e6 2. d4 d5 3. Nd2 dxe4 4. Nxe4 Bd7 5. Nf3 Bc6 6. Bd3 Nd7 7. O-O Ngf6 8.
Ng3 Be7 9. c4 O-O 10. b3 a5 11. Bb2 Bxf3 12. Qxf3 c6 13. Rfe1 a4 14. Bc3 axb3
15. axb3 Rxa1 16. Rxa1 Re8 17. Nh5 g6 18. Nf4 Bd6 19. Rd1 1/2-1/2

[Event "FRA-chT"]
[Site "FRA"]
[Date "1998.02.06"]
[Round "1"]
[White "Marzolo, Cyril"]
[Black "Bellon Lopez, Juan Manuel"]
[Result "1-0"]
[WhiteElo "2355"]
[BlackElo "2455"]
[PlyCount "105"]
[EventDate "1998.02.06"]
[Source "ChesBase"]
[SourceDate "1998.07.07"]

1. d4 Nf6 2. c4 c5 3. d5 a6 4. f3 e5 5. Nc3 Nh5 6. g3 d6 7. e4 g6 8. Be3 Be7 9.
Qd2 Nd7 10. Bd3 O-O 11. Nge2 f5 12. exf5 gxf5 13. O-O-O Kh8 14. Kb1 b5 15. cxb5
axb5 16. Bxb5 Nb6 17. Rhg1 Nf6 18. Bxc5 Bb7 19. Bxb6 Qxb6 20. g4 Ra5 21. a4
fxg4 22. fxg4 Bc8 23. Rdf1 Ra7 24. h3 Bd7 25. Qh6 Bxb5 26. axb5 Rf7 27. g5 Qe3
28. Rg3 Ng8 29. Rxf7 Nxh6 30. Rxe3 Nxf7 31. h4 Kg7 32. Re4 h6 33. gxh6+ Nxh6
34. Ng3 Kg6 35. Rc4 Rb7 36. Kc2 Bd8 37. Rc6 Nf7 38. Nge4 Bxh4 39. Nxd6 Nxd6 40.
Rxd6+ Kf5 41. Re6 Rd7 42. Rh6 Bg5 43. Rh5 Kg6 44. Rh1 Kf5 45. Rf1+ Bf4 46. Kd3
Rd8 47. Kc4 Rc8+ 48. Kb4 Rb8 49. Kc5 Rc8+ 50. Kb6 Kg4 51. d6 Kh3 52. d7 Rg8 53.
Ne4 1-0

[Event "FRA-chT"]
[Site "FRA"]
[Date "1998.02.06"]
[Round "1"]
[White "Maze, Sebastien"]
[Black "Laclau, Daniel"]
[Result "0-1"]
[WhiteElo "2175"]
[BlackElo "2290"]
[PlyCount "112"]
[EventDate "1998.02.06"]
[Source "ChesBase"]
[SourceDate "1998.07.07"]

1. Nf3 Nf6 2. c4 e6 3. g3 d5 4. cxd5 exd5 5. d4 Be7 6. Bg2 O-O 7. O-O c6 8. Nc3
Bf5 9. Bf4 Nbd7 10. h3 h6 11. Rc1 Ne4 12. Ne5 Nxc3 13. Rxc3 Nxe5 14. Bxe5 Qd7
15. Kh2 Rfe8 16. a3 f6 17. Bf4 g5 18. Bc1 Bd6 19. f4 Be4 20. Bxe4 Rxe4 21. e3
Rf8 22. Rc2 Kg7 23. b3 h5 24. h4 g4 25. Qd3 Rfe8 26. Rff2 Qf5 27. Kg2 Kg6 28.
Rc3 R4e7 29. Rfc2 Qxd3 30. Rxd3 Kf5 31. Kf2 Ke4 32. Ke2 Rc7 33. Bb2 Rec8 34.
Rcd2 Kf5 35. Rd1 Ke6 36. R1d2 Bf8 37. Rc3 f5 38. Kd3 Bg7 39. Rcc2 Bf8 40. Rd1
Be7 41. Rdc1 Kd7 42. Ke2 b6 43. Rd1 Ke6 44. Kd3 c5 45. Rdc1 Rc6 46. Rc3 Kd7 47.
R1c2 c4+ 48. bxc4 dxc4+ 49. Rxc4 Rxc4 50. Rxc4 Rxc4 51. Kxc4 Bxh4 52. e4 Bxg3
53. e5 Bxf4 54. d5 h4 55. d6 Ke6 56. Kb5 h3 0-1

[Event "FRA-chT"]
[Site "FRA"]
[Date "1998.02.06"]
[Round "1"]
[White "Muller, Anne"]
[Black "Cruz Lopez Claret, Carlos"]
[Result "0-1"]
[WhiteElo "2115"]
[BlackElo "2240"]
[PlyCount "104"]
[EventDate "1998.02.06"]
[Source "ChesBase"]
[SourceDate "1998.07.07"]

1. e4 e5 2. Nf3 Nc6 3. Bb5 a6 4. Ba4 Nf6 5. O-O Nxe4 6. d4 b5 7. Bb3 d5 8. dxe5
Be6 9. c3 Bc5 10. Nbd2 O-O 11. Bc2 Nxf2 12. Rxf2 f6 13. exf6 Bxf2+ 14. Kxf2
Qxf6 15. Kg1 Rae8 16. Qf1 Bf5 17. Bxf5 Qxf5 18. Nb3 Ne5 19. Nbd4 Nxf3+ 20. Nxf3
Qc2 21. Bd2 Rxf3 22. Qxf3 Qxd2 23. Rf1 Qe3+ 24. Qxe3 Rxe3 25. Kf2 Re4 26. Rd1
c6 27. Rd3 Kf7 28. Rf3+ Ke7 29. h3 a5 30. a3 a4 31. g3 Re6 32. Rd3 Kf6 33. g4
c5 34. Rd2 Re4 35. Kf3 Ke5 36. h4 g6 37. Rd1 d4 38. cxd4+ cxd4 39. h5 Re3+ 40.
Kf2 gxh5 41. gxh5 Rh3 42. Rc1 Kd5 43. Rc8 Rxh5 44. Ke2 Ke4 45. Re8+ Re5 46. Rh8
h5 47. Kd2 Rg5 48. Re8+ Kd5 49. Kc2 h4 50. Rd8+ Ke4 51. Re8+ Kf3 52. Kd3 h3 0-1

[Event "FRA-chT"]
[Site "FRA"]
[Date "1998.02.06"]
[Round "1"]
[White "Neiman, Emmanuel"]
[Black "Julve, Philippe"]
[Result "1-0"]
[WhiteElo "2305"]
[BlackElo "2235"]
[PlyCount "80"]
[EventDate "1998.02.06"]
[Source "ChesBase"]
[SourceDate "1998.07.07"]

1. d4 g6 2. c4 Bg7 3. Nc3 d6 4. Nf3 Bg4 5. e3 Nf6 6. Be2 O-O 7. h3 Bd7 8. e4 c5
9. d5 Na6 10. O-O Nc7 11. Bg5 a6 12. a4 h6 13. Be3 Rb8 14. a5 b5 15. axb6 Rxb6
16. Qd2 Kh7 17. Bd3 Ng8 18. e5 Qb8 19. Rab1 Qb7 20. Bc2 Qc8 21. Bf4 Bf5 22. Na4
Rb4 23. exd6 Bxc2 24. Qxc2 Nxd5 25. Bd2 Rxa4 26. Qxa4 Nb6 27. Qb3 Nd7 28. dxe7
Nxe7 29. Bc3 Nc6 30. Bxg7 Kxg7 31. Qc3+ Kh7 32. Rfe1 Qc7 33. Rbd1 Rb8 34. Re4
Nf8 35. Qf6 Ne6 36. Rde1 Rb7 37. Rxe6 fxe6 38. Rxe6 Ne7 39. Qf7+ Kh8 40. Ne5
Qd8 1-0

[Event "FRA-chT"]
[Site "FRA"]
[Date "1998.02.06"]
[Round "1"]
[White "Palac, Mladen"]
[Black "Ochoa de Echaguen, F Javier"]
[Result "1/2-1/2"]
[WhiteElo "2545"]
[BlackElo "2440"]
[PlyCount "69"]
[EventDate "1998.02.06"]
[Source "ChesBase"]
[SourceDate "1998.07.07"]

1. e4 c5 2. Nf3 Nc6 3. d4 cxd4 4. Nxd4 Nf6 5. Nc3 e5 6. Ndb5 d6 7. Bg5 a6 8.
Na3 b5 9. Bxf6 gxf6 10. Nd5 Bg7 11. Bd3 Ne7 12. Nxe7 Qxe7 13. O-O O-O 14. c3 f5
15. Nc2 Rb8 16. exf5 e4 17. Re1 Bxf5 18. Ne3 Bg6 19. Nd5 Qe5 20. Bc2 a5 21. f4
Qe8 22. Qd2 Kh8 23. a4 bxa4 24. Bxa4 Qc8 25. Kh1 Qb7 26. b3 f5 27. Rac1 Bf7 28.
c4 Bxd5 29. cxd5 Qb4 30. Qxb4 axb4 31. g4 Bc3 32. Re2 fxg4 33. Rxe4 Rf5 34. Rg1
Rxd5 35. Rxg4 1/2-1/2

[Event "FRA-chT"]
[Site "FRA"]
[Date "1998.02.06"]
[Round "1"]
[White "Pira, Davoud"]
[Black "Flear, Glenn C"]
[Result "1-0"]
[WhiteElo "2340"]
[BlackElo "2445"]
[PlyCount "53"]
[EventDate "1998.02.06"]
[Source "ChesBase"]
[SourceDate "1998.07.07"]

1. d4 d5 2. c4 dxc4 3. e3 Nf6 4. Bxc4 e6 5. Nf3 a6 6. O-O c5 7. Bd3 cxd4 8.
exd4 Be7 9. Nc3 O-O 10. Bg5 b5 11. Qe2 Bb7 12. Rad1 Nbd7 13. Rfe1 Re8 14. Ne5
Nxe5 15. dxe5 Nd5 16. Bxh7+ Kxh7 17. Qh5+ Kg8 18. Ne4 Qa5 19. Bxe7 Rxe7 20. Ng5
Rd7 21. Qh7+ Kf8 22. Qh8+ Ke7 23. Qxg7 Rf8 24. Nxe6 Kxe6 25. Qxf8 Qxa2 26. Qh6+
Ke7 27. e6 1-0

[Event "FRA-chT"]
[Site "FRA"]
[Date "1998.02.06"]
[Round "1"]
[White "Rainfray, Arnaud"]
[Black "Guidarelli, Laurent"]
[Result "1/2-1/2"]
[WhiteElo "2270"]
[BlackElo "2225"]
[PlyCount "106"]
[EventDate "1998.02.06"]
[Source "ChesBase"]
[SourceDate "1998.07.07"]

1. e4 c5 2. c3 d5 3. exd5 Qxd5 4. d4 Nf6 5. Nf3 Bg4 6. Be2 e6 7. h3 Bh5 8. O-O
Nc6 9. a3 Rd8 10. Be3 cxd4 11. cxd4 Be7 12. Nc3 Qd6 13. Qb3 O-O 14. Rac1 Qb8
15. Rfd1 Nd5 16. Nxd5 Rxd5 17. Qc3 Bf6 18. b4 Rd7 19. g4 Bg6 20. g5 Bd8 21. b5
Ba5 22. Qb3 Ne7 23. Ne5 Rc7 24. Nc4 Qd8 25. Bf3 Rd7 26. Ne5 Rc7 27. Nc4 Rd7 28.
Qa4 Bc7 29. Ne5 Bxe5 30. dxe5 Nd5 31. Bxd5 Rxd5 32. Rxd5 Qxd5 33. Qxa7 Qf3 34.
Qd4 Be4 35. Kf1 Qxh3+ 36. Ke1 Bd5 37. a4 h5 38. gxh6 gxh6 39. Kd2 Rd8 40. Rg1+
Kh7 41. Qd3+ Kh8 42. Bb6 Qh4 43. Qd4 Qxd4+ 44. Bxd4 Bb3 45. Ke3 Bxa4 46. b6 Kh7
47. f4 Bc6 48. Bc5 Re8 49. Bd6 h5 50. Rg5 Kh6 51. Kf2 Be4 52. Ke3 Bd5 53. Rg1
Bc6 1/2-1/2

[Event "FRA-chT"]
[Site "FRA"]
[Date "1998.02.06"]
[Round "1"]
[White "Rechlis, Gad"]
[Black "Poulton, James"]
[Result "1/2-1/2"]
[WhiteElo "2520"]
[BlackElo "2365"]
[PlyCount "147"]
[EventDate "1998.02.06"]
[Source "ChesBase"]
[SourceDate "1998.07.07"]

1. e4 e6 2. d4 d5 3. Nc3 Bb4 4. e5 c5 5. a3 Bxc3+ 6. bxc3 Ne7 7. Nf3 Bd7 8.
dxc5 Ba4 9. Rb1 Nd7 10. Rxb7 Nxc5 11. Rb4 Qa5 12. Nd4 Rc8 13. Qh5 O-O 14. Be2
Ng6 15. O-O Ne4 16. c4 Rfd8 17. Bg4 Qa6 18. cxd5 Rxd5 19. Nxe6 Nf6 20. Qh3 Nxg4
21. Ng5 Bd7 22. e6 Bxe6 23. Nxe6 Qxe6 24. Qxg4 Qxg4 25. Rxg4 Rxc2 26. Ra4 a5
27. Re4 h5 28. Rfe1 Re5 29. Rxe5 Nxe5 30. Kf1 Nc4 31. a4 Ra2 32. Re4 Rxa4 33.
Ke2 Ra2+ 34. Kd1 Nd6 35. Rd4 Nb7 36. Be3 a4 37. Kc1 a3 38. Rd5 h4 39. h3 f6 40.
Rd4 Na5 41. Rd3 Ra1+ 42. Kc2 a2 43. Kb2 Rg1 44. Kxa2 Nc4 45. Bd4 Rxg2 46. Kb3
Na5+ 47. Kc3 Nc6 48. Rf3 Kf7 49. Kd3 Ke6 50. Bc3 Ne7 51. Ke2 Rg1 52. Re3+ Kf7
53. Bd2 Nf5 54. Rc3 Rh1 55. Rd3 g5 56. Ba5 Ng7 57. Bc7 Ne6 58. Bd6 Kg6 59. Bb8
Kf5 60. Rf3+ Kg6 61. Rd3 f5 62. Be5 f4 63. Bb2 f3+ 64. Rxf3 Nf4+ 65. Kd2 Nxh3
66. Be5 g4 67. Rf6+ Kg5 68. Rf8 Ng1 69. Ke3 Nf3 70. Bf6+ Kg6 71. Kf4 Rg1 72.
Rg8+ Kxf6 73. Rxg4 h3 74. Rxg1 1/2-1/2

[Event "FRA-chT"]
[Site "FRA"]
[Date "1998.02.06"]
[Round "1"]
[White "Roos, Jean Luc"]
[Black "Beghadi, Mourad"]
[Result "1-0"]
[WhiteElo "2315"]
[BlackElo "2205"]
[PlyCount "63"]
[EventDate "1998.02.06"]
[Source "ChesBase"]
[SourceDate "1998.07.07"]

1. e4 c6 2. d4 d5 3. Nd2 dxe4 4. Nxe4 Nf6 5. Nxf6+ gxf6 6. Be2 Bf5 7. Nf3 e6 8.
Nh4 Be4 9. f3 Bg6 10. Be3 Bd6 11. Qd2 Qc7 12. O-O-O Nd7 13. g3 b5 14. Ng2 Nb6
15. Bf4 Nd5 16. Bxd6 Qxd6 17. Ne3 a5 18. Kb1 Nb4 19. Ka1 Ke7 20. c3 Nd5 21. Bd3
Nxe3 22. Qxe3 b4 23. c4 Rhd8 24. Be4 f5 25. Bb1 c5 26. d5 e5 27. h4 h5 28. Rhe1
Kf6 29. Bxf5 Re8 30. g4 Kg7 31. Bxg6 fxg6 32. gxh5 1-0

[Event "FRA-chT"]
[Site "FRA"]
[Date "1998.02.06"]
[Round "1"]
[White "Roos, Louis"]
[Black "Giffard, Nicolas"]
[Result "0-1"]
[WhiteElo "2360"]
[BlackElo "2395"]
[PlyCount "134"]
[EventDate "1998.02.06"]
[Source "ChesBase"]
[SourceDate "1998.07.07"]

1. e4 c6 2. Nc3 d5 3. Nf3 Bg4 4. h3 Bxf3 5. Qxf3 e6 6. d3 Qb6 7. Be2 Nd7 8. Qg3
Ne7 9. f4 f5 10. Qf2 Qxf2+ 11. Kxf2 g6 12. Bf3 Bg7 13. e5 Kf7 14. Re1 a6 15. a4
h5 16. a5 Nc8 17. Be3 Bf8 18. Re2 Bc5 19. d4 Be7 20. Nb1 Na7 21. b3 Nb5 22. c4
Nc7 23. Bc1 h4 24. Ba3 Bxa3 25. Rxa3 Ke7 26. Nd2 Rag8 27. Ra4 Kd8 28. Nf1 Kc8
29. Rc2 Kb8 30. Ne3 Ka7 31. Ra1 g5 32. fxg5 Rxg5 33. Rac1 Nf8 34. b4 Ng6 35.
cxd5 exd5 36. Rd2 Nf4 37. Nd1 Rhg8 38. Kf1 Nb5 39. Ne3 Ne6 40. Rcd1 Rf8 41. Rd3
Rg3 42. Kf2 Kb8 43. Nc2 Ng5 44. Ne1 Ne4+ 45. Kf1 Nc7 46. Be2 Rg7 47. Rf3 Ne6
48. Kg1 N4g5 49. Rb3 Nf4 50. Kf1 Rfg8 51. Bd3 Ne4 52. Rb2 Rg3 53. Rc2 Re3 54.
Rb2 Rgg3 55. Bxe4 fxe4 56. Rf2 Ne6 57. Rf6 Nd8 58. Rh6 Rb3 59. Rxh4 Rxb4 60.
Rh8 Kc7 61. h4 Ne6 62. h5 Rb2 63. h6 Rg5 64. h7 Rh5 65. Kg1 Nf4 66. Ra1 e3 67.
g4 Rhh2 0-1

[Event "FRA-chT"]
[Site "FRA"]
[Date "1998.02.06"]
[Round "1"]
[White "Roser, Kevin"]
[Black "Miralles, Gilles"]
[Result "1/2-1/2"]
[WhiteElo "2255"]
[BlackElo "2520"]
[PlyCount "37"]
[EventDate "1998.02.06"]
[Source "ChesBase"]
[SourceDate "1998.07.07"]

1. e4 e5 2. Nf3 Nc6 3. Bc4 Nf6 4. d3 Be7 5. O-O O-O 6. Bb3 a6 7. Re1 h6 8. c3
d6 9. Nbd2 Nh7 10. d4 Ng5 11. h3 Bf6 12. dxe5 Nxe5 13. Nxg5 hxg5 14. Nc4 g6 15.
Nxe5 Bxe5 16. Be3 Qf6 17. Qd2 Bf4 18. Qd4 Be5 19. Qd2 1/2-1/2

[Event "FRA-chT"]
[Site "FRA"]
[Date "1998.02.06"]
[Round "1"]
[White "Salaun, Yann"]
[Black "Collas, Didier"]
[Result "0-1"]
[WhiteElo "2360"]
[BlackElo "2355"]
[PlyCount "52"]
[EventDate "1998.02.06"]
[Source "ChesBase"]
[SourceDate "1998.07.07"]

1. c4 Nf6 2. Nc3 c5 3. g3 Nc6 4. Bg2 g6 5. Nf3 Bg7 6. d4 cxd4 7. Nxd4 Nxd4 8.
Qxd4 d6 9. b3 O-O 10. Bb2 Qa5 11. O-O Nd5 12. Nxd5 Bxd4 13. Nxe7+ Kg7 14. Bxd4+
f6 15. Nxc8 Raxc8 16. Bxb7 Rc7 17. Bf3 h5 18. Rfd1 Re8 19. Rd3 Re6 20. Bc3 Qa3
21. g4 hxg4 22. Bxg4 Re4 23. Bf3 Rf4 24. b4 Qa4 25. Rad1 Rfxc4 26. Bd2 Qxd1+
0-1

[Event "FRA-chT"]
[Site "FRA"]
[Date "1998.02.06"]
[Round "1"]
[White "Sellos, Didier"]
[Black "De Sousa, Jose"]
[Result "0-1"]
[WhiteElo "2405"]
[BlackElo "2230"]
[PlyCount "75"]
[EventDate "1998.02.06"]
[Source "ChesBase"]
[SourceDate "1998.07.07"]

1. d4 Nf6 2. c4 e6 3. g3 c5 4. Nf3 cxd4 5. Nxd4 Qb6 6. Nc3 Nc6 7. Ndb5 Ne5 8.
Bf4 Bc5 9. e3 d6 10. Bg2 Nxc4 11. O-O Bd7 12. a4 O-O 13. b3 Bxb5 14. axb5 Ne5
15. Qe2 Ng6 16. Bg5 a6 17. h4 Nd7 18. h5 Nge5 19. h6 g6 20. Rad1 axb5 21. Ne4
f6 22. Bf4 Ba3 23. g4 d5 24. Nc3 Rac8 25. Nxb5 Bb4 26. g5 f5 27. Nd4 Nf7 28.
Nxe6 Qxe6 29. Bxd5 Qe7 30. Qb5 Bc3 31. Qxb7 Rce8 32. Bc4 Nde5 33. Qxe7 Rxe7 34.
Bd5 Kh8 35. Rc1 Bb4 36. Bxf7 Nxf7 37. Rc4 Rb7 38. Rfc1 0-1

[Event "FRA-chT"]
[Site "FRA"]
[Date "1998.02.06"]
[Round "1"]
[White "Simon, Gerard"]
[Black "Flouzat, Jean Marc"]
[Result "0-1"]
[WhiteElo "2165"]
[BlackElo "2225"]
[PlyCount "58"]
[EventDate "1998.02.06"]
[Source "ChesBase"]
[SourceDate "1998.07.07"]

1. d4 d5 2. c4 c6 3. Nf3 e6 4. Nc3 Nf6 5. g3 Be7 6. Bg2 O-O 7. O-O Nbd7 8. b3
b6 9. Bb2 Bb7 10. Rc1 Rc8 11. Nd2 c5 12. cxd5 exd5 13. e4 cxd4 14. Nxd5 Nxd5
15. exd5 Rxc1 16. Qxc1 Nc5 17. Bxd4 Bxd5 18. Bxd5 Qxd5 19. Qc4 Qf5 20. Re1 Ne6
21. Be3 Rd8 22. Qe4 Qa5 23. Qc2 Bb4 24. Nc4 Qd5 25. Rc1 Bc5 26. Bxc5 bxc5 27.
Ne3 Qa8 28. Qc4 Nd4 29. Rd1 Nf3+ 0-1

[Event "FRA-chT"]
[Site "FRA"]
[Date "1998.02.06"]
[Round "1"]
[White "Sokolov, Andrei"]
[Black "Solozhenkin, Evgeniy"]
[Result "1/2-1/2"]
[WhiteElo "2580"]
[BlackElo "2500"]
[PlyCount "154"]
[EventDate "1998.02.06"]
[Source "ChesBase"]
[SourceDate "1998.07.07"]

1. e4 e5 2. Nf3 Nc6 3. Bb5 a6 4. Ba4 Nf6 5. O-O Be7 6. Re1 b5 7. Bb3 d6 8. c3
O-O 9. h3 Re8 10. d4 Bb7 11. Nbd2 Bf8 12. d5 Nb8 13. Nh2 Nbd7 14. Ndf1 Nc5 15.
Bc2 c6 16. Ng4 cxd5 17. Nxf6+ Qxf6 18. exd5 g6 19. Be3 Qg7 20. Qd2 f5 21. f3
Nd7 22. a4 Qf7 23. Red1 Nf6 24. Bb3 f4 25. Bb6 Bh6 26. Qd3 e4 27. fxe4 Nxe4 28.
Nh2 Qd7 29. axb5 axb5 30. Rxa8 Bxa8 31. Ng4 Bg7 32. Re1 Ng3 33. Re6 Rf8 34. Bf2
Nf5 35. Nh2 b4 36. cxb4 Bxb2 37. Nf3 Qg7 38. b5 Bb7 39. b6 h6 40. Qe4 Kh7 41.
Qxf4 Nd4 42. Qxf8 Qxf8 43. Nxd4 Bxd4 44. Bxd4 Ba6 45. Rf6 Qc8 46. Rf7+ Kg8 47.
Rc7 Qf5 48. Bc4 Bxc4 49. Rxc4 Qxd5 50. Rc8+ Kf7 51. Rc7+ Ke6 52. Bf2 Qa5 53.
Kh2 Qe5+ 54. Bg3 Qa5 55. Rc6 Qb5 56. Rxd6+ Kf5 57. h4 h5 58. Kh1 Qb1+ 59. Kh2
Qb5 60. Kh1 Qb1+ 61. Kh2 Qb5 62. Kh3 Qb3 63. Rc6 Qb4 64. Bf2 Qb3+ 65. Kh2 Qb2
66. Rc8 Kg4 67. Rc4+ Kf5 68. Bd4 Qb3 69. Rc6 g5 70. Rf6+ Ke4 71. Bf2 gxh4 72.
Bxh4 Qb2 73. Rg6 Kf5 74. Rg5+ Kf4 75. Rg6 Kf5 76. Rg5+ Kf4 77. Rg6 Kf5 1/2-1/2

[Event "FRA-chT"]
[Site "FRA"]
[Date "1998.02.06"]
[Round "1"]
[White "Summerscale, Aaron"]
[Black "Bricard, Emmanuel"]
[Result "1-0"]
[WhiteElo "2440"]
[BlackElo "2450"]
[PlyCount "97"]
[EventDate "1998.02.06"]
[Source "ChesBase"]
[SourceDate "1998.07.07"]

1. Nf3 d5 2. d4 e6 3. c4 Nf6 4. Nc3 Nbd7 5. cxd5 exd5 6. Bf4 Nb6 7. Qc2 c6 8.
e3 Bd6 9. Bg5 Be7 10. Bd3 Nh5 11. Bxe7 Qxe7 12. O-O-O Bg4 13. Be2 O-O 14. h3
Bxf3 15. Bxf3 Nf6 16. g4 Rfe8 17. Rhe1 Ne4 18. Bg2 Rac8 19. Kb1 Nxc3+ 20. Qxc3
c5 21. dxc5 Rxc5 22. Qd4 Rb5 23. Rc1 Rb4 24. Qd3 Qf6 25. Re2 Nc4 26. Rcc2 Qa6
27. Ka1 Ra4 28. b3 Na3 29. Rc3 Nb5 30. bxa4 Nxc3 31. Qxa6 bxa6 32. Rc2 Ne4 33.
Rc7 h5 34. g5 Rb8 35. Bxe4 dxe4 36. Rxa7 Rb6 37. Re7 Rb4 38. h4 a5 39. a3 Rxa4
40. Kb2 Rc4 41. Kb3 Rc5 42. Rxe4 Kh7 43. Rc4 Rd5 44. Rf4 Kg6 45. Kc4 Rd2 46.
Kb5 Rd5+ 47. Kb6 f6 48. gxf6 gxf6 49. e4 1-0

[Event "FRA-chT"]
[Site "FRA"]
[Date "1998.02.06"]
[Round "1"]
[White "Tissir, Mohamed"]
[Black "Varlet, Nicolas"]
[Result "1-0"]
[WhiteElo "2300"]
[BlackElo "2230"]
[PlyCount "127"]
[EventDate "1998.02.06"]
[Source "ChesBase"]
[SourceDate "1998.07.07"]

1. e4 e6 2. d4 d5 3. Nc3 Bb4 4. e5 b6 5. Qg4 Bf8 6. Bb5+ c6 7. Be2 Qd7 8. Nf3
Ba6 9. O-O c5 10. a4 Bxe2 11. Nxe2 Nc6 12. c4 f5 13. Qh4 Nge7 14. dxc5 Ng6 15.
Qh5 Bxc5 16. cxd5 exd5 17. Nf4 O-O-O 18. Nxg6 hxg6 19. Qxg6 Rde8 20. Bf4 Rhf8
21. Qg3 d4 22. Rfd1 Qd5 23. Rac1 Kb7 24. Ng5 Nxe5 25. Bxe5 Qxe5 26. Qxe5 Rxe5
27. b4 Bxb4 28. Rxd4 Bc5 29. Rd7+ Ka6 30. Rxg7 Re2 31. Rf1 Rd8 32. h4 Rxf2 33.
Rxf2 Rd1+ 34. Kh2 Bxf2 35. h5 f4 36. Ne6 Bg3+ 37. Kh3 Rh1+ 38. Kg4 Rh2 39. Nd4
Bf2 40. h6 Bxd4 41. Rd7 Ba1 42. h7 Rxg2+ 43. Kxf4 Ra2 44. Rd1 Rxa4+ 45. Kg5 Bb2
46. Rd2 Bc3 47. Rd3 Bh8 48. Rd8 Bb2 49. Rd2 Bc3 50. Rd3 Ra1 51. Rxc3 Rh1 52.
Kg6 b5 53. Rc8 b4 54. h8=Q Rxh8 55. Rxh8 Kb5 56. Kf5 Kc4 57. Ke4 Kc3 58. Rc8+
Kd2 59. Rb8 Kc3 60. Ke3 a5 61. Rc8+ Kb2 62. Ra8 b3 63. Kd2 Kb1 64. Kc3 1-0

[Event "FRA-chT"]
[Site "FRA"]
[Date "1998.02.06"]
[Round "1"]
[White "Vaisser, Anatoli"]
[Black "Ekstroem, Roland"]
[Result "1/2-1/2"]
[WhiteElo "2595"]
[BlackElo "2490"]
[PlyCount "179"]
[EventDate "1998.02.06"]
[Source "ChesBase"]
[SourceDate "1998.07.07"]

1. d4 d5 2. c4 e6 3. Nc3 Be7 4. cxd5 exd5 5. Bf4 Nf6 6. e3 O-O 7. Nf3 c6 8. h3
Nbd7 9. Bd3 Re8 10. O-O Nf8 11. Ne5 Ng6 12. Bh2 Nxe5 13. Bxe5 Bd6 14. f4 Bb4
15. Qc2 Bxc3 16. bxc3 Ne4 17. Bxe4 dxe4 18. f5 f6 19. Bh2 b6 20. Rf4 Qe7 21. g4
Ba6 22. c4 Qb4 23. Rc1 Qa3 24. Qc3 Qxc3 25. Rxc3 c5 26. d5 Bc8 27. Rf1 Kf7 28.
a4 h5 29. a5 hxg4 30. hxg4 g6 31. Ra1 Bd7 32. axb6 axb6 33. Rca3 Rxa3 34. Rxa3
gxf5 35. Ra7 Ke7 36. d6+ Kd8 37. Ra8+ Bc8 38. gxf5 Rg8+ 39. Kf2 Rg5 40. Bf4
Rxf5 41. Rb8 Rh5 42. Rxb6 Be6 43. Rb8+ Kd7 44. Rb7+ Kd8 45. Re7 Bxc4 46. Rxe4
Bb5 47. Re6 Rf5 48. Kf3 Bd7 49. Re7 c4 50. e4 Ra5 51. Rf7 Ra3+ 52. Kf2 Bc6 53.
Be3 Rd3 54. Bb6+ Ke8 55. Re7+ Kf8 56. Rc7 Bb5 57. Rc5 Bd7 58. Rxc4 Kf7 59. Ba5
Ke6 60. Bb4 Rb3 61. Bc3 Rb6 62. Bb4 Rc6 63. Rd4 Rc2+ 64. Ke3 Rc1 65. Kd2 Rc6
66. Ba3 Ra6 67. Bc5 Ra5 68. Bb4 Ra6 69. Rd3 Rc6 70. Rd4 Rc8 71. Ba5 Ra8 72. Bb4
Rc8 73. Ke3 Rc6 74. Kf4 Rb6 75. Bc5 Ra6 76. Bb4 Rb6 77. Rc4 Rc6 78. Bc5 Ra6 79.
Ke3 Ra4 80. Bb4 Bb5 81. Rd4 Bd7 82. Kd3 Ra6 83. Rd5 Ra4 84. Kc4 Bc6 85. Rd4 Ra7
86. Kc5 Bd7 87. Rd1 Ra2 88. Rg1 Rc2+ 89. Kb6 Rb2 90. Kc5 1/2-1/2

[Event "FRA-chT"]
[Site "FRA"]
[Date "1998.02.06"]
[Round "1"]
[White "Vallet, Marc"]
[Black "Neuillet, Alexandre"]
[Result "1/2-1/2"]
[WhiteElo "2220"]
[BlackElo "2245"]
[PlyCount "123"]
[EventDate "1998.02.06"]
[Source "ChesBase"]
[SourceDate "1998.07.07"]

1. e4 c5 2. Nf3 d6 3. d4 cxd4 4. Nxd4 Nf6 5. Nc3 a6 6. Bc4 e6 7. Bb3 Be7 8. O-O
Nc6 9. Be3 Qc7 10. Kh1 b5 11. f3 Bb7 12. a4 b4 13. Na2 d5 14. exd5 Nxd4 15.
Qxd4 Bxd5 16. Nxb4 Bxb3 17. cxb3 Qb7 18. Nd3 Rd8 19. Qc4 Nd5 20. Rfe1 Nxe3 21.
Rxe3 Rc8 22. Qg4 O-O 23. Ne5 Rfd8 24. f4 Rd2 25. Nc4 Rd4 26. Rae1 Bb4 27. Rf1
Rcd8 28. Qe2 Qd7 29. h3 Bd2 30. Re4 Bb4 31. Rxd4 Qxd4 32. f5 exf5 33. Rxf5 Bc5
34. Rf1 Qd5 35. Qf3 Qe6 36. Rd1 Re8 37. Rf1 Ba7 38. Qf5 Qe7 39. a5 Bb8 40. Nb6
Qc7 41. g3 f6 42. Qd7 Qe5 43. Qd5+ Qxd5+ 44. Nxd5 Re5 45. Rd1 Kf7 46. Nb4 Rxa5
47. Nc6 Rb5 48. Rd7+ Kg6 49. Nxb8 Rxb8 50. Rd3 Kf5 51. Kg2 Ke4 52. Rc3 Rd8 53.
h4 Rd2+ 54. Kh3 Rxb2 55. Rc4+ Kf3 56. Rf4+ Ke3 57. Ra4 Rxb3 58. Rxa6 Kf2 59.
Ra2+ Kf3 60. Ra4 g5 61. hxg5 fxg5 62. Ra5 1/2-1/2